Electricity and magnetism: With electromagnetic theory and special theory of relativity (Record no. 16310)

MARC details
000 -LEADER
fixed length control field 00548nam a2200181Ia 4500
008 - FIXED-LENGTH DATA ELEMENTS--GENERAL INFORMATION
fixed length control field 230917s9999||||xx |||||||||||||| ||und||
020 ## - ISBN
Price RS535
040 ## - CATALOGING SOURCE
-- 228661
Original cataloging agency VIVEKANANDA LIBRARY
041 ## - Language
-- English
082 ## - DDC NUMBER
Classification number 537 C392E(9)
100 ## - MAIN ENTRY--PERSONAL NAME
Personal name Chattopadhyay, D
245 #0 - TITLE STATEMENT
Title Electricity and magnetism: With electromagnetic theory and special theory of relativity
250 ## - EDITION STATEMENT
Edition statement 9th rev. ed.
260 ## - PUBLICATION, DISTRIBUTION, ETC. (IMPRINT)
Place of publication, distribution, etc Hyderabad
Name of publisher, distributor, etc New Central Book Agency
Date of publication, distribution, etc 2014
300 ## - PHYSICAL DESCRIPTION
Pages xvii, 640 p.
500 ## - GENERAL NOTE
General note 2148 07/10/2015 IBS15/119 08/10/2015 Main Budget
942 ## - ADDED ENTRY ELEMENTS (KOHA)
Koha item type Books
Holdings
Withdrawn status Lost status Damaged status Not for loan Location (home branch) Sublocation or collection (holding branch) Date acquired Koha issues (times borrowed) Koha full call number Accession No. Koha date last seen Koha item type
        VIVEKANANDA LIBRARY VIVEKANANDA LIBRARY 28/01/2016   537 C392E(9) 355761 17/09/2023 Books
        VIVEKANANDA LIBRARY VIVEKANANDA LIBRARY 28/01/2016   537 C392E(9) 355762 17/09/2023 Books
© Designed and Maintained by Vivekananda Library, MDU Rohtak